000 00990nam a2200229 i 4500
001 185271
003 SpMaBN
005 20231129163746.0
008 160504s1975 sp ao c |||| |dspa d
020 _a84-369-0395-1
080 _a7.036:069.583(460.285 T.)
100 1 _aPuente, Joaquín de la.
_994146
245 1 0 _aCatálogo del Museo de Arte Contemporáneo de Toledo /
_cJoaquín de la Puente, Florencio de Santa-Ana.
260 _a[Madrid] :
_bServicio de Publicaciones del Ministerio de Educación y Ciencia, Dirección General del Patrimonio Artístico y Cultural,
_c[1975]
300 _a248 p. :
_bil. ;
_c20 cm.
610 2 7 _aMuseo de Arte Contemporáneo de Toledo-
_vCatálogos.
_9159480
700 1 _aSanta-Ana y Álvarez-Ossorio, Florencio de.
_9159481
710 1 _aEspaña.
_bDirección General del Patrimonio Artístico y Cultural.
_93790
852 _aES-MaACL
_jA-13723
_9195271
_bR.123438
_cDEPO1
_dOlim: N-6723
942 _2udc
_cMONOGRAFIA
999 _c185271
_d185271